تجرید صحیح بخا ری کامل : Tajrid-i Sahih Bukhari Kamil / (Record no. 24869)

MARC details
000 -LEADER
fixed length control field 00498nam a22001697a 4500
003 - CONTROL NUMBER IDENTIFIER
control field BDDh-ASL
005 - DATE AND TIME OF LATEST TRANSACTION
control field 20231015030423.0
008 - FIXED-LENGTH DATA ELEMENTS--GENERAL INFORMATION
fixed length control field 210612s1934 ii ||||| |||| 00| 0 u d
040 ## - CATALOGING SOURCE
Original cataloging agency BDDh-ASL
Transcribing agency BDDh-ASL
082 ## - DEWEY DECIMAL CLASSIFICATION NUMBER
Classification number 297.124
Item number DAT
245 00 - TITLE STATEMENT
Title تجرید صحیح بخا ری کامل : Tajrid-i Sahih Bukhari Kamil /
260 ## - PUBLICATION, DISTRIBUTION, ETC.
Place of publication, distribution, etc. Delhi :
Name of publisher, distributor, etc. Jamal Barqi Press ,
Date of publication, distribution, etc. 1934/1352H.
300 ## - PHYSICAL DESCRIPTION
Extent 408 p. :
Dimensions 22 cm.
650 #0 - SUBJECT ADDED ENTRY--TOPICAL TERM
9 (RLIN) 3956
Topical term or geographic name entry element Hadith
700 1# - ADDED ENTRY--PERSONAL NAME
9 (RLIN) 3955
Personal name Hakim, Maulana
942 ## - ADDED ENTRY ELEMENTS (KOHA)
Source of classification or shelving scheme Dewey Decimal Classification
Koha item type Books
Holdings
Withdrawn status Lost status Source of classification or shelving scheme Damaged status Not for loan Collection code Home library Current library Shelving location Date acquired Source of acquisition Serial Enumeration / chronology Total Checkouts Full call number Barcode Date last seen Copy number Price effective from Koha item type Public note
    Dewey Decimal Classification     Non-fiction Asiatic Society Library Asiatic Society Library General Stacks 06/12/2021 ASB Library Collection U-0008   297.124 DAT 109528 06/12/2021 C-1 06/12/2021 Books Rare

Powered by Koha